Advanced Control of a Laboratory Distillation Column
Gespeichert in:
| 1. Verfasser: | |
|---|---|
| Weitere Verfasser: | |
| Format: | Manuskript Buch |
| Sprache: | Slowakisch Englisch |
| Veröffentlicht: |
2023
|
| Schlagworte: | |
| Online-Zugang: | http://is.stuba.sk/zp/portal_zp.pl?podrobnosti=169529 |
| Tags: |
Keine Tags, Fügen Sie das erste Tag hinzu!
|
MARC
| LEADER | 00000ntm a22000003a 4500 | ||
|---|---|---|---|
| 001 | stuzp94298 | ||
| 003 | SK-STU | ||
| 005 | 20230909221646.9 | ||
| 007 | ta | ||
| 008 | 150427s2015----xo-----f-mn---000-0-slo-d | ||
| 040 | |a STU |b slo | ||
| 041 | 0 | |a eng | |
| 100 | 1 | |a Mészárosová, Tímea |u 047220 |4 aut |U FCHPT Ústav informatizácie, automatizácie a matematiky |T FCHPT Oddelenie informatizácie a riadenia procesov |X 97449 |U C7220 |Y 121 |7 97449 | |
| 242 | 0 | 1 | |a Pokročilé riadenie laboratórnej destilačnej kolóny |y slo |
| 245 | 1 | 0 | |a Advanced Control of a Laboratory Distillation Column |
| 260 | |c 2023 | ||
| 650 | 4 | |a binárna zmes |2 slo | |
| 650 | 4 | |a destilácia |2 slo | |
| 650 | 4 | |a riadenie procesu |2 slo | |
| 650 | 4 | |a inferenčné senzory |2 slo | |
| 650 | 4 | |a binary mixture |2 eng | |
| 650 | 4 | |a distillation |2 eng | |
| 650 | 4 | |a inferential sensors |2 eng | |
| 650 | 4 | |a process control |2 eng | |
| 700 | 1 | |a Paulen, Radoslav |u 047220 |k Z1 |4 ths |U FCHPT Ústav informatizácie, automatizácie a matematiky |T FCHPT Oddelenie informatizácie a riadenia procesov |X 22507 |U C7220 |Y 121 |7 A000022507 | |
| 856 | 4 | |u http://is.stuba.sk/zp/portal_zp.pl?podrobnosti=169529 | |